Lịch sử thế giới cổ đại

Shranjeno v:
Bibliografske podrobnosti
Glavni avtor: Chiêm Tế
Format: Knjiga
Oznake: Označite
Brez oznak, prvi označite!
Thư viện lưu trữ: Mạng thư viện Đại học Đà Nẵng
LEADER 00729nam a2200217 4500
001 000009965
003 6163
005 20150812140823.0
008 111104s sd
100 0 |a Chiêm Tế 
245 0 0 |a Lịch sử thế giới cổ đại  |c Chiêm Tế 
774 |a Chiêm Tế  |d Giáo dục  |d H.  |d 1977  |g T.1  |h 258tr  |t Các nền văn minh phương Đông  |w 6162 
774 |a Chiêm Tế  |d Giáo dục  |d H.  |d 1977  |g T.2  |h 223tr.: ảnh  |t Các nền văn minh cổ Phương Tây (Hy Lạp-La Mã)  |w 6164 
OWN |a LSP 
999 |a From the UDN01 
TYP |a Monograph 
TYP |a Printed language 
980 |a Mạng thư viện Đại học Đà Nẵng